Supernature II:A new natural history of supernatural (Record no. 352323)

MARC details
000 -LEADER
fixed length control field 004360000a22001690004500
005 - DATE AND TIME OF LATEST TRANSACTION
control field 20120302060838.0
040 ## - CATALOGING SOURCE
Original cataloging agency ENG
100 ## - MAIN ENTRY--PERSONAL NAME
Personal name Watson,Lyall
245 ## - TITLE STATEMENT
Title Supernature II:A new natural history of supernatural
260 ## - PUBLICATION, DISTRIBUTION, ETC. (IMPRINT)
Place of publication, distribution, etc Great Britain:Hodder & Staughton Ltd.,1987
300 ## - PHYSICAL DESCRIPTION
Extent 348P
365 ## - TRADE PRICE
Price amount Rs.
650 ## - SUBJECT ADDED ENTRY--TOPICAL TERM
Topical term or geographic name as entry element Philosophy
650 ## - SUBJECT ADDED ENTRY--TOPICAL TERM
Topical term or geographic name as entry element psychology-life-mind-plannet
650 ## - SUBJECT ADDED ENTRY--TOPICAL TERM
Topical term or geographic name as entry element History-supernatural
942 ## - ADDED ENTRY ELEMENTS (KOHA)
Koha item type Book
Holdings
Withdrawn status Lost status Damaged status Not for loan Home library Current library Date acquired Total Checkouts Barcode Date last seen Price effective from
        Institute For Oriental Study, Thane Institute For Oriental Study, Thane 12/02/2009   IOS-10759 12/02/2009 12/02/2009